[Event "Arad op 9th"]
[Site "Arad"]
[Date "2016.08.11"]
[Round "8"]
[White "Ratiu, Cristian"]
[Black "Pisu, Robert Daniel"]
[Result "1-0"]
[WhiteElo "2026"]
[BlackElo "2165"]
[PlyCount "102"]
[EventDate "2016.08.06"]
[EventType "swiss"]
[EventRounds "9"]
[EventCountry "ROU"]
[SourceTitle "CBM 173 Extra"]
[Source "ChessBase"]
[SourceDate "2016.08.29"]
[SourceVersion "1"]
[SourceVersionDate "2016.08.29"]
[SourceQuality "1"]

1. e4 c6 2. d4 d5 3. Nc3 dxe4 4. Nxe4 Nd7 5. Nf3 Ngf6 6. Ng3 g6 7. Bc4 Nb6 8. Bb3 Bg7 9. h3 0-0 10. 0-0 a5 11. a4 Nbd5 12. Re1 b5 13. Ne5 Qb6 14. c3 Be6 15. Nd3 Nc7 16. Nc5 Bxb3 17. Qxb3 Ncd5 18. Nge4 Rfd8 19. Bg5 Ra7 20. Nxf6+ Nxf6 21. Qd1 Rd5 22. f4 h6 23. Bh4 Nh5 24. Bxe7 Nxf4 25. Qg4 Rf5 26. Bd6 h5 27. Qg3 Bh6 28. Re8+ Kh7 29. Rae1 Rc7 30. Ra8 bxa4 31. Ree8 Qxb2 32. Rh8+ Kg7 33. Rag8+ Kf6 34. Be5+ Rxe5 35. dxe5+ Kf5 36. Qf3 Qxg2+ 37. Qxg2 Nxg2 38. Kxg2 a3 39. Ra8 Be3 40. Nd3 Rd7 41. e6 fxe6 42. Rxa5+ Kf6 43. Nb4 c5 44. Na2 Rd2+ 45. Kf3 Bg1 46. Rxa3 Kf5 47. Nc1 Rf2+ 48. Kg3 Rd2 49. Rf8+ Ke5 50. Ra2 Rd1 51. Re2+ Kd5 1-0

[Event "Arad op 9th"]
[Site "Arad"]
[Date "2016.08.09"]
[Round "5"]
[White "Andreescu, Darie Ioan"]
[Black "Ratiu, Cristian"]
[Result "0-1"]
[WhiteElo "2213"]
[BlackElo "2026"]
[PlyCount "124"]
[EventDate "2016.08.06"]
[EventType "swiss"]
[EventRounds "9"]
[EventCountry "ROU"]
[SourceTitle "CBM 173 Extra"]
[Source "ChessBase"]
[SourceDate "2016.08.29"]
[SourceVersion "1"]
[SourceVersionDate "2016.08.29"]
[SourceQuality "1"]

1. e4 c5 2. c3 Nf6 3. e5 Nd5 4. d4 cxd4 5. Nf3 Nc6 6. cxd4 d6 7. Bc4 Nb6 8. Bb3 dxe5 9. d5 Na5 10. Nc3 Nxb3 11. Qxb3 f6 12. Be3 Bd7 13. 0-0 g6 14. Rfd1 Kf7 15. a4 Nc8 16. d6+ Kg7 17. dxe7 Bxe7 18. Nd5 Be6 19. Qxb7 Bxd5 20. Rxd5 Nd6 21. Qa6 Qb8 22. Bc5 Qc8 23. Qe2 Qc6 24. Rad1 Rhd8 25. b4 Nf5 26. Rxd8 Rxd8 27. Rxd8 Bxd8 28. g4 e4 29. Qc2 Be7 30. Nd2 e3 31. fxe3 Bxc5 32. Qxc5 Qxc5 33. bxc5 Nxe3 34. h3 Kf7 35. Kf2 Nd1+ 36. Kf3 Ke6 37. c6 Nc3 38. h4 Kd6 39. h5 Kxc6 40. Nc4 Nxa4 41. hxg6 hxg6 42. g5 Nb6 43. Na5+ Kb5 44. gxf6 Nd7 45. Nb7 Nxf6 46. Kf4 Nh7 47. Nd6+ Kb4 48. Ke3 g5 49. Kd2 Nf6 50. Kc2 g4 51. Nf5 Nh5 52. Ne3 g3 53. Ng2 Kc4 54. Kb2 Kd3 55. Kb3 Nf6 56. Kb4 Nd5+ 57. Kb5 Nc7+ 58. Kc5 Ke2 59. Kc6 Kf2 60. Nf4 g2 61. Kxc7 a5 62. Kb6 a4 0-1

[Event "Arad op"]
[Site "Arad"]
[Date "2013.08.04"]
[Round "2"]
[White "Balla, Tamas Kristof"]
[Black "Ratiu, Cristian"]
[Result "1-0"]
[WhiteElo "2376"]
[BlackElo "1998"]
[PlyCount "87"]
[EventDate "2013.08.03"]
[EventType "swiss"]
[EventRounds "9"]
[EventCountry "ROU"]
[SourceTitle "CBM 155 Extra"]
[Source "ChessBase"]
[SourceDate "2013.08.26"]
[SourceVersion "1"]
[SourceVersionDate "2013.08.26"]
[SourceQuality "1"]

1. b3 e5 2. Bb2 Nc6 3. e3 Nf6 4. Bb5 d6 5. d4 Bd7 6. Ne2 exd4 7. Nxd4 Nxd4 8. Bxd7+ Qxd7 9. Qxd4 Be7 10. c4 0-0 11. Nc3 Ne8 12. Nd5 Bd8 13. Rd1 c6 14. Nc3 Bf6 15. Qd2 Qg4 16. 0-0 Rd8 17. f4 Bxc3 18. Bxc3 Qf5 19. Qd3 Qc8 20. e4 f5 21. e5 d5 22. cxd5 Rxd5 23. Qe3 Nc7 24. Qxa7 Rfd8 25. Rxd5 Rxd5 26. h3 Ne6 27. Qe3 Qd8 28. Rf3 c5 29. Qe2 Qd7 30. a4 h6 31. Qc2 b6 32. Kh1 Nd4 33. Bxd4 Rxd4 34. a5 bxa5 35. Qxc5 a4 36. b4 Rd1+ 37. Kh2 Rd5 38. Qc2 Rd4 39. b5 Rb4 40. Rd3 Rd4 41. e6 Qd6 42. Rxd4 Qxd4 43. Qxf5 Qa7 44. b6 1-0